Electricity 2 (Record no. 570)
[ view plain ]
| 000 -LEADER | |
|---|---|
| fixed length control field | 00478nam a22001577a 4500 |
| 020 ## - ISBN | |
| International Standard Book Number | 9781435400696 |
| 050 ## - LIBRARY OF CONGRESS CALL NUMBER | |
| Classification Number | TK146.K83 |
| Item Number | 2009 |
| 100 ## - MAIN ENTRY--Author | |
| Personal name | Kubala, Thomas S. |
| 245 ## - TITLE | |
| Title | Electricity 2 |
| Remainder of title | devices, circuits, and materials |
| 250 ## - EDITIONSTATEMENT | |
| Edition statement | 9th Edition |
| 260 ## - PUBLICATION, DISTRIBUTION, ETC.(IMPRINT) | |
| Place of publication, distribution, etc | Newyork |
| Name of publisher, distributor, etc | Delmar cengage Learning |
| Date of publication, distribution, etc | 2009 |
| 300 ## - PHYSICAL DESCRIPTION | |
| Extent | 156p. |
| 500 ## - GENERALNOTE | |
| General note | includes index. Bibliography |
| 650 ## - SUBJECT--TOPIC | |
| Topical term following geographic name as entry element | Electrical engineering,Electric circuits--Alternating current |
| Form subdivision | book |
| General subdivision | PBK |
| 942 ## - ADDED ENTRY ELEMENTS(KOHA) | |
| Koha item type | General circulation |
| Source of classification or shelving scheme | Not for loan | Location (home branch) | Sublocation (holding branch) | Date accessioned | Cost, normal purchase price | Full call number | Barcode | Cost, replacement price | Nonpublic note | Koha item type | Public note |
|---|---|---|---|---|---|---|---|---|---|---|---|
| Library of Congress Classification | Main Campus Library | Main Campus Library | 07/08/2014 | 7101.81 | TK 146 .K83 2009 | 2019/024973 | 7601.00 | BONNIE | General circulation | ||
| Library of Congress Classification | Main Campus Library | Main Campus Library | 11/08/2014 | 7101.81 | TK 146 .K83 2009 | 2019/024972 | 7601.00 | BONNIE | General circulation | BONNIE |